<?xml version="1.0" encoding="UTF-8"?>
<collection xmlns="http://www.loc.gov/MARC21/slim">
    <record>
        <controlfield tag="001">63117</controlfield>
        <controlfield tag="005">20181123104107.0</controlfield>
        <datafield tag="024" ind1="8" ind2=" ">
            <subfield code="2">sideral</subfield>
            <subfield code="a">98544</subfield>
        </datafield>
        <datafield tag="037" ind1=" " ind2=" ">
            <subfield code="a">ART-2016-98544</subfield>
        </datafield>
        <datafield tag="041" ind1=" " ind2=" ">
            <subfield code="a">eng</subfield>
        </datafield>
        <datafield tag="100" ind1=" " ind2=" ">
            <subfield code="0">(orcid)0000-0003-0226-4950</subfield>
            <subfield code="a">Martin-Yebra, Alba</subfield>
        </datafield>
        <datafield tag="245" ind1=" " ind2=" ">
            <subfield code="a">Index of T-wave variation as a predictor of sudden cardiac death in chronic heart failure patients with atrial fibrillation</subfield>
        </datafield>
        <datafield tag="260" ind1=" " ind2=" ">
            <subfield code="c">2016</subfield>
        </datafield>
        <datafield tag="506" ind1="0" ind2=" ">
            <subfield code="a">Access copy available to the general public</subfield>
            <subfield code="f">Unrestricted</subfield>
        </datafield>
        <datafield tag="520" ind1="3" ind2=" ">
            <subfield code="a">Chronic heart failure (CHF) and atrial fibrillation (AF) are worldwide leading causes of morbidity and mortality in elders, a large part due to sudden cardiac deaths (SCD). The high irregularity of ventricular response in AF patients makes the use of standard SCD-risk markers inappropriate in this target population. The aim of this study was twofold: i) to propose a new index, suitable for AF patients, able to quantify ventricular repolarization changes; and ii) to evaluate its prognostic value in a CHF population with AF. Holter ECG recordings from 176 consecutive CHF patients with AF (22 SCD) were analyzed. The index of T-wave variation (ITV), quantifying the average T-wave changes in pairs of consecutive beats under stable rhythm conditions, was computed using a fully-automatic method. Survival analysis was performed considering SCD as an independent endpoint. ITV was higher for SCD than non-SCD victims (median (Q1;Q3): 24.9 (14.4;85.4) µV vs 17.1 (11.3;28.2) µV, p=0.06). In a survival analysis where the threshold was set on the third quartile of ITV values, ITV (+) outcome was successfully associated to SCD (Hazard Ratio (CI):3.22 (1.36, 7.58)per µV, p=0.008). In conclusion, we show in this work that Ijy stratifies CHF patients with AF according to their risk of SCD, with larger ITV associated to lower survival probability.</subfield>
        </datafield>
        <datafield tag="536" ind1=" " ind2=" ">
            <subfield code="9">info:eu-repo/grantAgreement/ES/DGA/T96</subfield>
            <subfield code="9">info:eu-repo/grantAgreement/ES/MINECO/TEC2013-42140-R</subfield>
        </datafield>
        <datafield tag="540" ind1=" " ind2=" ">
            <subfield code="9">info:eu-repo/semantics/openAccess</subfield>
            <subfield code="a">by</subfield>
            <subfield code="u">http://creativecommons.org/licenses/by/3.0/es/</subfield>
        </datafield>
        <datafield tag="655" ind1=" " ind2="4">
            <subfield code="a">info:eu-repo/semantics/article</subfield>
            <subfield code="v">info:eu-repo/semantics/publishedVersion</subfield>
        </datafield>
        <datafield tag="700" ind1=" " ind2=" ">
            <subfield code="a">Cygankiewicz, Iwona</subfield>
        </datafield>
        <datafield tag="700" ind1=" " ind2=" ">
            <subfield code="a">Bayés-De-Luna, Antoni</subfield>
        </datafield>
        <datafield tag="700" ind1=" " ind2=" ">
            <subfield code="0">(orcid)0000-0003-3434-9254</subfield>
            <subfield code="a">Laguna, Pablo</subfield>
            <subfield code="u">Universidad de Zaragoza</subfield>
        </datafield>
        <datafield tag="700" ind1=" " ind2=" ">
            <subfield code="a">Caiani, Enrico G.</subfield>
        </datafield>
        <datafield tag="700" ind1=" " ind2=" ">
            <subfield code="0">(orcid)0000-0002-7503-3339</subfield>
            <subfield code="a">Martinez, Juan Pablo</subfield>
            <subfield code="u">Universidad de Zaragoza</subfield>
        </datafield>
        <datafield tag="710" ind1="2" ind2=" ">
            <subfield code="1">5008</subfield>
            <subfield code="2">800</subfield>
            <subfield code="a">Universidad de Zaragoza</subfield>
            <subfield code="b">Dpto. Ingeniería Electrón.Com.</subfield>
            <subfield code="c">Área Teoría Señal y Comunicac.</subfield>
        </datafield>
        <datafield tag="773" ind1=" " ind2=" ">
            <subfield code="g">43 (2016), 5-8</subfield>
            <subfield code="p">Comput. cardiol.</subfield>
            <subfield code="t">Computing in Cardiology</subfield>
            <subfield code="x">2325-8861</subfield>
        </datafield>
        <datafield tag="856" ind1="4" ind2="1">
            <subfield code="u">http://ieeexplore.ieee.org/stamp/stamp.jsp?arnumber=7868665</subfield>
            <subfield code="z">Texto completo de la revista</subfield>
        </datafield>
        <datafield tag="856" ind1="4" ind2=" ">
            <subfield code="s">156890</subfield>
            <subfield code="u">http://zaguan.unizar.es/record/63117/files/texto_completo.pdf</subfield>
            <subfield code="y">Versión publicada</subfield>
        </datafield>
        <datafield tag="856" ind1="4" ind2=" ">
            <subfield code="s">114139</subfield>
            <subfield code="u">http://zaguan.unizar.es/record/63117/files/texto_completo.jpg?subformat=icon</subfield>
            <subfield code="x">icon</subfield>
            <subfield code="y">Versión publicada</subfield>
        </datafield>
        <datafield tag="909" ind1="C" ind2="O">
            <subfield code="o">oai:zaguan.unizar.es:63117</subfield>
            <subfield code="p">articulos</subfield>
            <subfield code="p">driver</subfield>
        </datafield>
        <datafield tag="951" ind1=" " ind2=" ">
            <subfield code="a">2018-11-23-10:33:20</subfield>
        </datafield>
        <datafield tag="980" ind1=" " ind2=" ">
            <subfield code="a">ARTICLE</subfield>
        </datafield>
    </record>

    
</collection>